Les 100 personnes du XXème siècle - Statistiques

Statistiques générales
  • Ce quiz a été pris 185 fois
  • Le résultat moyen est 19 sur 101
Statistiques - réponses
Domaine Nationalité Célébrité % Correct
Personnalité politique Allemand Adolf Hitler
88%
Personnalité politique Indien Mohandas Gandhi
81%
Personnalité politique Sud-africain Nelson Mandela
79%
Personnalité politique Britannique Winston Churchill
78%
Pasteur et Militant des droits civiques Américain Martin Luther King
77%
Personnalité politique Soviétique Lénine
75%
Famille politicienne Américains Famille Kennedy
70%
Groupe de musique Britannique The Beatles
56%
Créatrice de mode Française Coco Chanel
55%
Personnalité politique Chinois Mao Zedong
54%
Personnalité politique Soviétique Mikhaïl Gorbatchev
54%
Physicien Allemand, puis Suisse et Américain Albert Einstein
52%
Peintre Espagnol Pablo Picasso
52%
Victime de l'holocauste Hollandaise Anne Frank
50%
Révolutionnaire Argentin et Cubain Che Guevara
50%
Boxeur Américain Mohamed Ali
48%
Première dame Américaine Eleanor Roosevelt
46%
Personnalité politique Américain Franklin Roosevelt
46%
Psychanalyste Autrichien Sigmund Freud
46%
Footballeur Brésilien Pelé
45%
Personnalité politique Américain Theodore Roosevelt
45%
Personnalité politique Vietnamien Ho Chi Minh
43%
Militante des droits civiques Américaine Rosa Parks
42%
Personnalité politique Américain Ronald Reagan
39%
Personnalité politique Britannique Margaret Thatcher
32%
Musicien Américain Louis Armstrong
31%
Personnalité politique Polonais Lech Walesa
30%
Acteur et artiste martial Chinois et américain Bruce Lee
29%
Personnalité politique Israélien David Ben Gourion
25%
Entrepreneur Américain Henry Ford
25%
Actrice Américaine Marilyn Monroe
25%
Personnalité politique Iranien Rouhollah Khomeini
24%
Entrepreneur Américain Bill Gates
23%
Missionnaire Albanaise et Indienne Mère Teresa
23%
Architecte Suisse Le Corbusier
20%
Réalisateur Américain Steven Spielberg
18%
Physicien et informaticien Britannique Tim Berners-Lee
17%
Chanteur Américain Frank Sinatra
16%
Personnalité télévisuelle Américaine Oprah Winfrey
16%
Alpiniste Néo-zélandais Edmund Hillary
14%
Personnalité politique Polonais Jean-Paul II
14%
Animateur Américain Walt Disney
14%
Acteur et réalisateur Britannique Charlie Chaplin
13%
Militant des droits homosexuels Américain Harvey Milk
12%
Mathématicien et cryptologue Britannique Alan Turing
11%
Pasteur Américain Bill Wilson
10%
Ingénieurs et aviateurs Américains Frères Wright
10%
Economiste Britannique John Keynes
10%
Acteur Américain Marlon Brando
10%
Biologiste Britannique Alexander Fleming
9%
Musicien Américain Bob Dylan
9%
Musicienne Américaine Aretha Franklin
8%
Aviateur Américain Charles Lindbergh
8%
Personnage de cartoon Américain Bart Simpson
7%
Écrivain Irlandais James Joyce
6%
Aristocrate Britannique Diana Spencer
5%
Sherpa Népalais Tensing Norgay
4%
Physicien Soviétique Andreï Sakharov
3%
Suffragette Britannique Emmeline Pankhurst
3%
Physicien Italien Enrico Fermi
3%
Mathématicien Autrichien et Américain Kurt Gödel
3%
Producteur Américain Louis Mayer
2%
Prédicateur Américain Billy Graham
1%
Astronome Américain Edwin Hubble
1%
Biologiste Britannique Francis Crick
1%
Musicien et compositeur Russe et français Igor Stravinsky
1%
Biologiste Américain James Watson
1%
Marionnettiste Américain Jim Henson
1%
Virologue Américain Jonas Salk
1%
Philosophe Autrichien Ludwig Wittgenstein
1%
Danseuse et chorégraphe Américaine Martha Graham
1%
Homme d'affaires Américain Ray Kroc
1%
Compositeur et producteur Américain Richard Rodgers
1%
Ingénieur et physicien Américain Robert Goddard
1%
Homme d'affaires Américain Thomas Watson
1%
Physicien et entrepreneur Japonais Akio Morita
0%
Banquier Américain Amadeo Giannini
0%
Avocat Américain Charles Merrill
0%
Homme d'affaires Américain David Sarnoff
0%
Femme d'affaires Américaine Estée Lauder
0%
Famille d'anthropologues Britannique Famille Leakey
0%
Autrice et militante politique Américaine Helen Keller
0%
Joueur de base-ball Américaine Jackie Robinson
0%
Psychologue Suisse Jean Piaget
0%
Entrepreneur Américain Juan Trippe
0%
Chimiste Américain Leo Baekeland
0%
Publicitaire Américain Leo Burnett
0%
Personnalité télévisuelle Américaine Lucille Ball
0%
Mafieux Italien et Américain Lucky Luciano
0%
Militante Américaine Margaret Sander
0%
Librettiste et producteur Américain Oscar Hammerstein
0%
Dirigeant de football américain Américain Pete Rozelle
0%
Inventeur Américain Philo Farnsworth
0%
Zoologiste Américaine Rachel Carson
0%
Entrepreneur Américain Sam Walton
0%
Homme d'affaires Américain Stephen Bechtel
0%
Poète Américain et britannique T.S. Eliot
0%
Syndicaliste Américain Walter Reuther
0%
Promoteur immobilier Américain William Levitt
0%
Physicien Américain William Shockley
0%
Ingénieur Americain Willis Carrier
0%
Aucun quiz correspondant
Distribution des résultats
% des personnes avec chaque résultat
Percentile par nombre de réponses
Votre historique - résultats
Vous n’avez pas pris ce quiz